000 00829nam a2200277 i 4500
001 184546
003 ES-MaACL
005 20250814054355.0
007 t|
008 151021q1995 fr |||| | fre d
020 _a2-226-07895-9
080 _a20
080 _a24
245 0 0 _aBouddhisme et franc-maçonnerie /
_c[Lama Denis Teundroup, Jean-Pierre Schnetzler ... et al.].
260 _aParis :
_bAlbin Michel,
_c[1995]
300 _a149 p. ;
_c24 cm.
490 1 _aQuestion de ;
_v101
504 _aReferencias bibliográficas.
610 2 4 _aMasonería
_95658
650 _aBudismo.
_910630
700 1 _aSchnetzler, Jean-Pierre.
_9157962
830 0 _aQuestion de ;
_v101
_9232312
852 _aES-MaACL
_jA-13598
_9191547
_bR.150848
_cDEPO1
_dOlim: N-6598
942 _2udc
999 _c184546
_d184546